| 000 | 00744nam a2200229Ii 4500 | ||
|---|---|---|---|
| 003 | JO-AjNU | ||
| 008 | 230605s9999||||xx |||||||||||||| ||und|| | ||
| 017 | _a2005/12/2804 | ||
| 020 | _a9957-02-224-5 | ||
| 040 |
_aJO-AjNU _bara _erda _cJO-AjNU |
||
| 041 | _aara | ||
| 050 | 1 | 4 | _aPJ7812.I6.Y37 2006 |
| 100 | 3 |
_aتأليف العلي،إياد, _eauthor _911218 |
|
| 245 | 0 | 0 | _aيوميات مواطن عربي: مشاهد يومية من مواطن عربي |
| 250 | _aط1 | ||
| 264 | 3 | 1 | _aعمان:دار مجدلاوي،2005 |
| 300 | _a173ص | ||
| 336 |
_atext _btxt _2rdacontent |
||
| 337 |
_aunmediated _bn _2rdamedia |
||
| 338 |
_avolume _bnc _2rdacarrier |
||
| 650 | 4 |
_a الأدب العربي - مقالات ومحاضرات _911219 |
|
| 999 |
_aA2209 _c5777 _d5777 |
||